| 000 | 00340nam a2200133Ia 4500 | ||
|---|---|---|---|
| 008 | 240624s9999 xx 000 0 und d | ||
| 041 | _aeng | ||
| 082 | _a302.35 BAG | ||
| 100 | _aBAGCHI SANJOY | ||
| 245 | _aCHANGING FACE OF BUREAUCRACY FIFTY YEARS | ||
| 260 |
_c2007 _aNew Delhi _bRupa and Company |
||
| 300 | _a604 : p. | ||
| 365 |
_cRS _b25 |
||
| 999 |
_c17571 _d17571 |
||